Animaux - lettre E - Statistiques

Statistiques générales
  • Ce quiz a été pris 172 fois
  • Le résultat moyen est 10 sur 16
Statistiques - réponses
Par images Réponse % Correct
Ecureuil
99%
Eléphant
98%
Escargot
96%
Etoile de mer
96%
Elan
95%
Espadon
80%
Emeu
76%
Epervier
60%
Esturgeon
56%
Etourneau
47%
Effraie
44%
Eponge
42%
Echidné
34%
Ephémère
27%
Engoulevent
10%
Epinoche
8%
Aucun quiz correspondant
Distribution des résultats
% des personnes avec chaque résultat
Percentile par nombre de réponses
Votre historique - résultats
Vous n’avez pas pris ce quiz